| 000 | 02701nam0a2200349 4500 | ||
|---|---|---|---|
| 001 | RU\NLR\BIBL_A\022094682 | ||
| 005 | 20260409075553.0 | ||
| 010 |
_a978-5-6048454-4-8 _9100 |
||
| 035 | _a(NLR Aleph) 022094682 | ||
| 090 |
_a12727608 _c12727608 |
||
| 100 | _a20231212d2022 |||y0rusy50 ca | ||
| 101 | 0 | _arus | |
| 102 | _aRU | ||
| 105 | _ay z 000 y | ||
| 181 | 0 |
_ai _baxxe |
|
| 182 | 0 | _an | |
| 200 | 1 |
_aXI Сильвестровские педагогические чтения. Духовность и нравственность в образовательном пространстве: секулярный мир и религиозность _e(к 350-летию со дня рождения Петра I) _eматериалы Всероссийской научной конференции 24 марта 2022 г. _fМинистерство просвещения РФ, Филиал ФГБОУ ВО "Омский государственный педагогический университет" в г. Таре, Тарская епархия Омской митрополии РПЦ, Комитет по образованию Администрации Тарского муниципального района _gотв. ред. О. Р. Каюмов - д.ф.-м.н., доцент |
|
| 203 |
_aТекст _bвизуальный _cнепосредственный |
||
| 210 |
_aОмск _aТара _cАмфора _d2022 |
||
| 215 |
_a179 с. _cтабл. _d20 |
||
| 320 | _aБиблиогр. в конце ст. | ||
| 517 | 1 | _aДуховность и нравственность в образовательном пространстве: секулярный мир и религиозность (к 350-летию со дня рождения Петра I) | |
| 606 |
_aУчащиеся _xДуховно-нравственное воспитание _jСъезды, совещания и т.п _3RU\NLR\AUTH\661472162 _92479757 |
||
| 686 | 1 | _aЧ313.52я431 | |
| 702 | 1 |
_aКаюмов _bО. Р. _cд-р физ.-мат. наук, математика, экономика _gОлег Рашидович _9153389 _3RU\NLR\AUTH\770153427 |
|
| 711 | 1 | 2 |
_aСильвестровские педагогические чтения _d11 _eТара _f2022 _9873515 _3RU\NLR\AUTH\880601664 |
| 712 | 0 | 2 |
_4557 _aОмский государственный педагогический университет _bТарский филиал _3RU\NLR\AUTH\8810055371 _9611303 |
| 942 | _cBOOK | ||
| 980 | _aNB | ||